Größte Fußballvereine Berlins (aktuell) - Statistiken

Allgemein
  • Dieses Quiz wurde 156 mal gespielt
  • Das Durchschnittsergebnis liegt bei 8 aus 16
Antwortstatistiken
Liga Verein % Korrekt
1.Liga 1.FC Union Berlin
100%
2.Liga Hertha BSC
100%
4.Liga Hertha BSC II
100%
4.Liga FC Viktoria 1889 Berlin
75%
5.Liga Tennis Borussia Berlin
70%
5.Liga Tasmania Berlin
66%
4.Liga BFC Dynamo
64%
4.Liga Berliner AK 07
61%
4.Liga VSG Altglienicke
42%
5.Liga Hertha 03 Zehlendorf
36%
5.Liga SV Lichtenberg 47
36%
5.Liga TuS Makkabi Berlin
20%
5.Liga SC Staaken
14%
5.Liga CFC Hertha 06
11%
5.Liga Sparta Lichtenberg
9%
5.Liga Eintracht Mahlsdorf
8%
Keine übereinstimmenden Quizze gefunden
Verteilung der Resultate
Anzahl Personen mit jedem Resultat
Perzentil nach korrekt beantworteten Fragen
Ihre Resultats-Entwicklung
Sie haben dieses Quiz noch nicht gespielt